| 000 | 00789nam a2200205Ia 4500 | ||
|---|---|---|---|
| 003 | OSt | ||
| 005 | 20251104160944.0 | ||
| 008 | 210210b2003 xxu||||| |||| 00| 0 eng d | ||
| 020 | _a181 7713 151 6 | ||
| 040 | _cAL | ||
| 041 | _aKannada | ||
| 082 | _aK894.4 BANS | ||
| 100 |
_aBANAKARA (B G). _dಬಣಕಾರ (ಬಿ ಜಿ ) _9204690 |
||
| 245 |
_aSamagra Nota: Adalitanga Shasakanga Karyanga Nyayanga Kurita Chintanapara Lekhangalu _bಸಮಗ್ರ ನೋಟ: ಆಡಳಿತಾಂಗ ಶಾಸಕಾಂಗ ಕಾರ್ಯಾಂಗ ನ್ಯಾಯಾಂಗ ಕುರಿತ ಚಿಂತನಪರ ಲೇಖನಗಳು |
||
| 260 |
_aBengaluru _bKannada Pustaka Pradhikara _c2003 |
||
| 300 | _axvi,580 | ||
| 690 |
_aKannada Prose _9204691 |
||
| 906 | _aSG04030 | ||
| 942 |
_2ddc _cSG |
||
| 999 |
_c114893 _d114893 |
||